000 01065nam a2200325 a 4500
001 61686
003 BD-RjUL
005 20211209081006.0
008 170121s1963 enk b 000 0 eng d
035 _a(BD-RjUL)61810
035 _a(OCoLC)01100982
035 _aGLIS00451584
040 _cISM
_dSER
_dm/c
_aBD-RjUL
_beng
041 1 _aengitafre
082 _a320.5330945
_bCHH 1963
090 _aDG571
_b.C428
099 _aDG571.C428
100 1 _aChabod, Federico.
_9183722
245 1 2 _aA history of Italian fascism /
_cFederico Chabod ; Translated from the Italian by Muriel Grindrod.
260 _aLondon:
_bWeidenfeld and Nicolson,
_cc1963
300 _a192 p. ;
_c22 cm.
500 _aTranslation of L'Italia contemporanea, originally published in French under title: L'Italie contemporaine.
504 _aBibliography: p. [163]-183.
650 0 _aFascism
_zItaly.
_9175379
651 0 _aItaly
_xHistory
_y1914-1945.
_9183723
700 _aGrindrod, Muriel, translator
_9183724
942 _2ddc
_cBK
949 _aMYGD
999 _c61686
_d61686